How good is your French? - Statistics

General Stats
  • This quiz has been taken 96 times
  • The average score is 14 of 16
Answer Stats
Picture Answer % Correct
fromage
100%
cheval
97%
chaise
94%
ordinateur
94%
arbre
92%
porte
92%
canard
91%
camion
86%
chaussette
86%
poubelle
86%
Fourchette
84%
lunettes
83%
boite
78%
dentifrice
78%
roue
77%
seau
76%
No matching quizzes found
Score Distribution
Percent of People with Each Score
Percentile by Number Answered
Your Score History
You have not taken this quiz